000 00535nam a2200181Ia 4500
008 090123s9999 xx 000 0 und d
082 _b17651
_a923.254/वाळिंबे
100 _aवाळिंबे वि.स.
245 _aनेताजी
250 _a1
260 _bमेहता प्रकाशन
_c1989
300 _a536
600 _aवाळिंबे वि.स.
630 _aनेताजी
700 _aवाळिंबे वि.स.
730 _aनेताजी
942 _cBOOK
999 _c55710
_d55710